Expanze. I., Nové hranice /
V úvodním románu military sci-fi série navazuje lidstvo po zničujících válkách opatrný kontakt s novou mimozemskou rasou.
Uloženo v:
| Série: | Expanze,
část 1 |
|---|---|
| Hlavní autor: | |
| Další autoři: | |
| Médium: | E-kniha |
| Jazyk: | Czech |
| Vydáno: |
Ostrava :
Fantom Print,
2020
|
| Vydání: | 1. vydání |
| Témata: | |
| Příbuzné jednotky: | Z cyklu::
Expanze |
| Tagy: |
Žádné tagy |
| LEADER | 02757nam a2200457 i 4500 | ||
|---|---|---|---|
| 001 | 311247 | ||
| 003 | CZ PrSKC | ||
| 005 | 20260601215702.0 | ||
| 007 | ta | ||
| 008 | 201019s2020 xr g 000 f cze | ||
| 015 | |a cnb003257659 | ||
| 020 | |a 9788075940759 |q (brožováno) | ||
| 035 | |a (OCoLC)1237098827 | ||
| 040 | |a ABG001 |b cze |e rda | ||
| 041 | 1 | |a cze |h eng | |
| 072 | 7 | |a 821.111(73)-3 |x Americká próza |2 Konspekt | |
| 080 | |a 821.111(73)-31 |2 MRF | ||
| 080 | |a (0:82-311.9) |2 MRF | ||
| 100 | 1 | |a Dalzelle, Joshua |7 ola2016920778 |4 aut | |
| 240 | 1 | 0 | |a New frontiers. |l Česky |
| 245 | 1 | 0 | |a Expanze. |n I., |p Nové hranice / |c Joshua Dalzelle ; překlad Jakub Mařík |
| 246 | 3 | 0 | |a Nové hranice |
| 250 | |a 1. vydání | ||
| 264 | 1 | |a Ostrava : |b Fantom Print, |c 2020 | |
| 300 | |a 287 stran ; |c 21 cm | ||
| 336 | |a text |b txt |2 rdacontent | ||
| 337 | |a bez média |b n |2 rdamedia | ||
| 338 | |a svazek |b nc |2 rdacarrier | ||
| 500 | |a Přeloženo z angličtiny | ||
| 520 | 2 | |a V úvodním románu military sci-fi série navazuje lidstvo po zničujících válkách opatrný kontakt s novou mimozemskou rasou. |b Válka s Fágy byla pro terranskou konfederaci zničující. Přestože byl nepřítel zničen, lidstvo klid nenašlo. Aliance se hroutí a flotily jsou v troskách. Ani po vítězství není co slavit. Brzy však zjišťujeme, že máme i další mimozemské sousedy, kteří konflikt s velkým zájmem sledovali. Jedna rasa přijde s nabídkou přátelství a spojenectví, ale lidstvo je příliš unavené a nedůvěřivé, protože první kontakt s mimozemšťany málem skončil naším úplným vyhlazením. Než se popel války stihne usadit, kapitán Celesta Wrightová je vyslána do Pohraničí, aby s malou skupinou prozkoumala tajemný signál, zatímco Konfederace se ze všech sil snaží nerozpadnout na kusy. Partnerství s cizí rasou by mohlo obnovu urychlit, ale jejich nabídka je až příliš dobrá. Může si lidstvo dovolit další boj s mimozemšťany? Nakladatelská anotace. Kráceno. | |
| 655 | 7 | |a americké romány |7 fd131796 |2 czenas | |
| 655 | 7 | |a vědecko-fantastické romány |7 fd133847 |2 czenas | |
| 655 | 9 | |a American fiction |2 eczenas | |
| 655 | 9 | |a science fiction novels |2 eczenas | |
| 700 | 1 | |a Mařík, Jakub, |d 1981- |7 xx0073715 |4 trl | |
| 787 | 0 | 8 | |i Z cyklu: |t Expanze |g 1 |
| 900 | |a ABA001 |b 21 | ||
| 044 | |a xr | ||
| 910 | |a RBIT002 | ||
| 998 | |d 209650 |a https://core.palmknihy.cz/api/books/209650/cover?qhvl9o |b https://core.palmknihy.cz/api/books/209650/cover/400?qhvl9o |c https://core.palmknihy.cz/api/books/209650/cover/50?qhvl9o |e 2026-10-21 |g 288 |i 9788075940759 |j https://core.palmknihy.cz/api/books/209650/preview.epub |l |q 49 |r 1 |s https://www.palmknihy.cz/kniha/209650 |t ebook |y 2020 |z 0 |v Expanze |w 1 | ||
| 999 | |d 311245 | ||